00518nam a2200085Ia 4500008004100000245004000041300027500081650000900356856006700365170517s9999 xx 000 0 und d aAndy Goldsworthy's Rivers and Tides aDocumentarian Thomas Riedelsheimer shows us Andy Goldsworthy as he creates art in natural settings using natural materials such as driftwood, ice, mud, leaves, and stones. Goldsworthy comments on his "earthworks" and occasionally responds to off screen questions from... xArt. uhttp://topdocumentaryfilms.com/andy-goldsworthys-rivers-tides/